Guess the Movie/TV Show - Pixelated Images #8 - Statistics

General Stats
  • This quiz has been taken 45 times
  • The average score is 11 of 15
Answer Stats
Picture Hint Answer % Correct
2006 Cars
100%
2008 Iron Man
93%
2004 The Incredibles
90%
2012 Wreck-It Ralph
90%
2005 Charlie and the Chocolate Factory
88%
1978 Grease
83%
2014 Big Hero 6
80%
2004 Hellboy
75%
2021 Black Widow
70%
1988 Who Framed Roger Rabbit
70%
2011–present Bob's Burgers
68%
2010 Tangled
68%
2017–2019 The Punisher
65%
2001 Spirited Away
53%
2017–2025 The Handmaid's Tale
53%
No matching quizzes found
Score Distribution
Percent of People with Each Score
Percentile by Number Answered
Your Score History
You have not taken this quiz